| 000 | 00610nam a22002177a 4500 | ||
|---|---|---|---|
| 005 | 20251108170939.0 | ||
| 008 | 250721s1997 xx 000 0 ara d | ||
| 082 | 1 | 4 | _aط/214.2/برا |
| 100 | 1 | _aبرانق، محمد أحمد | |
| 245 | 1 | 0 | _aموسى الرضيع / |
| 250 | _aط11 | ||
| 264 | 1 |
_aالقاهرة : _bدار المعارف، _c1997. |
|
| 300 | _a31ص | ||
| 490 | 0 | _aمجموعة قصص الأنبياء ؛ 10 | |
| 650 | 1 | 7 | _aقصص القرآن |
| 650 | 1 | 7 | _aالأنبياء |
| 650 | 1 | 7 | _aالإسلام |
| 650 | 1 | 7 | _aقصص الأنبياء |
| 942 |
_2ddc _cBK |
||
| 999 |
_c52771 _d52771 |
||